| 000 | 01073nam0a2200325 4500 | ||
|---|---|---|---|
| 001 | RU\NLR\bibl\955617 | ||
| 005 | 20260405161305.0 | ||
| 010 |
_a5-7805-1136-5 _915000 |
||
| 021 |
_aRU _b2006-20829 _91042 |
||
| 035 | _a(NLR Aleph) 000943683 | ||
| 090 |
_a235819 _c235819 |
||
| 100 | _a20060601d2006 |||y0rusy50 ca | ||
| 101 | 0 | _arus | |
| 102 | _aRU | ||
| 105 | _aa ||||||||| | ||
| 200 | 1 |
_aБлюда из мяса и птицы _e[рецепты _fред. Г. Дзюбенко] |
|
| 210 |
_aМосква _cАСТ-Пресс _d2006 |
||
| 215 |
_a302, [1] с. _d17 |
||
| 225 | 1 | _aПальчики оближешь! | |
| 606 | 1 |
_aМясные блюда _xРецептура _92079750 _3RU\NLR\auth\661255646 |
|
| 606 | 1 |
_aБлюда из птицы _91447557 _3RU\NLR\auth\66613081 |
|
| 686 | _aЛ992.3 | ||
| 686 | _aЛ992.4 | ||
| 702 | 1 |
_4340 _8rus _7ca _aДзюбенко _bГ. И. _gГалина И. _3RU\NLR\AUTH\7767800 _950728 |
|
| 801 | 0 |
_aRU _bNLR _c20060601 _grcr |
|
| 801 | 1 |
_aRU _bNLR _c20060601 |
|
| 942 | _cBOOK | ||
| 980 | _aNB | ||